Normal view
MARC view
- محاسبة -- معليير دولية -- تدقيق -- معايير دولية
Entry Topical Term
001 - CONTROL NUMBER
- control field: 28462
003 - CONTROL NUMBER IDENTIFIER
- control field: JO-AjAnu
005 - DATE AND TIME OF LATEST TRANSACTION
- control field: 20230606074825.0
008 - FIXED-LENGTH DATA ELEMENTS
- fixed length control field: 230606|| aca||aabn | a|a d
040 ## - CATALOGING SOURCE
- Original cataloging agency: JO-AjAnu
- Transcribing agency: JO-AjAnu
150 ## - HEADING--TOPICAL TERM
- Topical term or geographic name entry element: محاسبة -- معليير دولية -- تدقيق -- معايير دولية
670 ## - SOURCE DATA FOUND
- Source citation: Work cat.: (JO-AjAnu)14610: الأردن. وزارة الأشغال العامة والإسكان. مجلس البناء الوطني الأردني, author 28461, اصدارات المعايير الدولية لرقابة الجودة والتدقيق والمراجعة وعمليات التأكيد الاخرى والخدمات ذات العلاقة